000 00377nam a2200145Ia 4500
008 230711s9999||||xx |||||||||||||| ||und||
041 _aENG
082 _a624
_bGI-C
100 _aGimsing,Niels J.
245 0 _aCable supported bridges: concept and design
250 _a1st Ed.
260 _c1983
_aNew Delhi
_bJohn Wiley & Sons.Inc
650 _aCivil Engineering
942 _cBK
999 _c1087
_d1087